000 00572nam a2200217Ia 4500
005 20241129120319.0
008 241129s9999||||xx |||||||||||||| ||und||
020 _a9789352210510
037 _aTB
040 _aSDCL
_beng
_cSDCL
041 _ahin
_2hin
084 _aO152,1N31x Q5
_qSDCL
100 _aChaturvedi Ramswaroop
245 0 _aNayi Kavitae : Ek Shakshay
260 _aDelhi
_bLokbharti prakashan India
_c2015
300 _a116p
365 _aINR
_b250
650 _aHindi
942 _cTB
_hO152,1N31x Q5
999 _c1234294
_d1234294